Charter and by-laws of the Surveyors' Institution (Record no. 99728)
[ view plain ]
| 000 -LEADER | |
|---|---|
| fixed length control field | 00621cam a22001815a 4500 |
| 001 - CONTROL NUMBER | |
| control field | ##J100638 |
| 008 - FIXED-LENGTH DATA ELEMENTS--GENERAL INFORMATION | |
| fixed length control field | 000000s1895 000 0 eng u |
| 035 ## - SYSTEM CONTROL NUMBER | |
| System control number | (Sirsi) u100638 |
| 041 0# - LANGUAGE CODE | |
| Language code of text/sound track or separate title | eng |
| 050 04 - LIBRARY OF CONGRESS CALL NUMBER | |
| Classification number | 333.0062 $2 18 |
| 110 2# - MAIN ENTRY--CORPORATE NAME | |
| Corporate name or jurisdiction name as entry element | Surveyors' Institution |
| 9 (RLIN) | 3783 |
| 245 00 - TITLE STATEMENT | |
| Title | Charter and by-laws of the Surveyors' Institution |
| Remainder of title | founded June 16th 1868, incorporated by Royal Charter August 26th 1881 |
| 260 ## - PUBLICATION, DISTRIBUTION, ETC. | |
| Place of publication, distribution, etc. | London |
| Name of publisher, distributor, etc. | Surveyors' Institution |
| Date of publication, distribution, etc. | 1895 |
| 300 ## - PHYSICAL DESCRIPTION | |
| Extent | 47p. |
| Dimensions | 22cm. |
| 651 #4 - SUBJECT ADDED ENTRY--GEOGRAPHIC NAME | |
| Geographic name | Great Britain |
| Chronological subdivision | 1707- |
| 690 ## - LOCAL SUBJECT ADDED ENTRY--TOPICAL TERM (OCLC, RLIN) | |
| Topical term or geographic name as entry element | ABOUT RICS-RICS STRUCTURE AND GOVERNANCE-RICS ROYAL CHARTER AND BYE-LAWS |
| 942 ## - ADDED ENTRY ELEMENTS (KOHA) | |
| Suppress in OPAC | 0 |
| Withdrawn status | Lost status | Source of classification or shelving scheme | Damaged status | Not for loan | Home library | Current library | Shelving location | Date acquired | Total Checkouts | Full call number | Barcode | Date last seen | Copy number | Price effective from | Koha item type |
|---|---|---|---|---|---|---|---|---|---|---|---|---|---|---|---|
| Dewey Decimal Classification | Historic collection | Historic collection | RICS Boxes | 21/10/1999 | RICS 1895/4 | 30059282 | 06/08/2019 | 1 | 06/08/2019 | Archive |